000 00306nam a2200133Ia 4500
008 220216s9999 xx 000 0 und d
100 _aSolid tyre mould
245 0 _aBand tyres
260 _bIRI Transactions
_c1928
300 _a247-262
650 _aGardner T S
700 _aCalendering
942 _cJS
999 _c54656
_d54656